| 000 | 01586 a2200265 4500 | ||
|---|---|---|---|
| 003 | Nust | ||
| 005 | 20221229191346.0 | ||
| 010 | _a 2006041928 | ||
| 020 | _a0073404586 (alk. paper) | ||
| 020 | _a9780073404585 (alk. paper) | ||
| 040 | _cNust | ||
| 082 | 0 | 0 | _a621.3981,SUD |
| 100 | 1 |
_aSudhakar, A. _983277 |
|
| 245 | 1 | 0 |
_aCircuits and networks : _banalysis and synthesis / _cA. Sudhakar. |
| 250 | _a2nd ed. | ||
| 260 |
_aDubuque, Iowa : _bMcGraw-Hill, _c2006. |
||
| 300 |
_axix, 831 p. : _bill. ; _c23 cm. |
||
| 505 | _a Circuits Elements and Kirchhoff’s Laws (Page-1), Methods of Analysis Circuits (Page-43), Useful Theorems in Circuits Analysis (Page-101), Introductions to Alternating Circuits and Voltages (Page-153), Complex Impedances (Page-175), Power and Power Factors (Page-211), Steady State AC Analysis (Page-235), Resonance (Page-277), Polyphone Circuits (Page-319), Coupled Circuits (Page-401), Differential Equations (Page-451), Transients (Page-473), Laplace Transforms (Page-513), Network Functions (Page-565), Two Port Networks (Page-597), Filters and Attenuators (Page-663), Elements of Reliability and Synthesis of one Port Networks(Page-735), An Introduction to Pspice (Page-777). | ||
| 650 | 0 |
_aElectric circuit analysis. _92075 |
|
| 650 | 0 |
_aElectric network analysis. _910704 |
|
| 650 | 0 |
_aElectric network synthesis. _9106453 |
|
| 856 | 4 | 2 |
_3Publisher description _uhttp://www.loc.gov/catdir/enhancements/fy0668/2006041928-d.html |
| 856 | 4 | 2 |
_3Table of contents only _uhttp://www.loc.gov/catdir/enhancements/fy0740/2006041928-t.html |
| 942 |
_2ddc _cBK |
||
| 999 |
_c183990 _d183990 |
||